[Event "Asian Schools-ch U13 12th Blitz"]
[Site "Tehran"]
[Date "2016.07.16"]
[Round "8.2"]
[White "Saburov, Geldimyrat"]
[Black "Quizon, Daniel"]
[Result "0-1"]
[WhiteElo "1742"]
[BlackElo "1555"]
[PlyCount "88"]
[EventDate "2016.07.16"]
[EventType "swiss (blitz)"]
[EventRounds "9"]
[EventCountry "IRI"]
[SourceTitle "EXT 2024"]
[Source "ChessBase"]
[SourceDate "2023.10.10"]
[SourceVersion "1"]
[SourceVersionDate "2023.10.10"]
[SourceQuality "1"]

1. d4 Nf6 2. Nc3 d5 3. Bg5 g6 4. f3 h6 5. Bf4 Bg7 6. Qd2 Nc6 7. Nb5 e5 8. dxe5 Nh5 9. e6 Nxf4 10. exf7+ Kf8 11. Qxf4 Be5 12. Qc1 Qh4+ 13. Kd1 Bf5 14. Qd2 Rd8 15. g4 Be6 16. e3 a6 17. Na3 Bxb2 18. Rb1 Bxa3 19. Qc3 Kxf7 20. Qxa3 d4 21. e4 Qf2 22. Qd3 Ne5 23. Qe2 Qxe2+ 24. Bxe2 b5 25. f4 Nxg4 26. Nf3 Nf2+ 27. Kd2 Nxe4+ 28. Ke1 Nc3 29. Rb2 Nxe2 30. Kxe2 Rhe8 31. Kf2 Bd5 32. Rbb1 Re3 33. Ne5+ Rxe5 34. fxe5 Bxh1 35. Rxh1 Re8 36. Re1 Ke6 37. Kf3 Kd5 38. Kg4 Rxe5 39. Rd1 c5 40. c3 Re4+ 41. Kf3 Re3+ 42. Kf2 Rxc3 43. Rg1 g5 44. h4 gxh4 0-1